00000000nam 2200000zi 4500
0019.947030
003CaOODSP
00520250120103256
006m     o  d f      
007cr bn|||||||||
008250120e198004##abcbd   ob   f000 0 eng d
040 |aCaOODSP|beng|erda|cCaOODSP
043 |an-cn-ab
0861 |aEn40-248/88E-PDF
1001 |aBarton, D. R. |q(David Remle)|eauthor.
24510|aEcological studies of the aquatic invertebrates of the Alberta Oil Sands Environmental Research Program study area of northeastern Alberta / |cby D.R. Barton and R.R. Wallace for Alberta Oil Sands Environmental Research Program.
264 1|aEdmonton, Alberta : |bAlberta Oil Sands Environmental Research Program, |cApril 1980.
300 |a1 online resource (xxiii, 216 pages) : |billustrations, maps, charts.
336 |atext|btxt|2rdacontent
337 |acomputer|bc|2rdamedia
338 |aonline resource|bcr|2rdacarrier
4901 |aAOSERP report ; |v88
500 |aDigitized edition from print [produced by Environment and Climate Change Canada].
500 |aSponsored jointly by Alberta Environment and Environment Canada.
500 |a"Project AF 2.0.1."
504 |aIncludes bibliographical references (pages 176-191).
5203 |a"Invertebrate fauna of the Athabasca River and its tributaries, the Muskeg and Steepbank rivers, are described qualitatively and quantitatively from baseline information gathered during 1976 and 1977. Investigations were also conducted into responses of macrobenthic communities to several potential environmental disturbances which might result from oil sands development"--Abstract.
650 0|aFreshwater invertebrates|zAlberta|zAthabasca River|xEcology.
650 0|aFreshwater invertebrates|zAlberta|zMuskeg River|xEcology.
650 0|aFreshwater invertebrates|zAlberta|xEcology.
650 6|aInvertébrés d'eau douce|zAlberta|zAthabasca, Rivière|xÉcologie.
650 6|aInvertébrés d'eau douce|zAlberta|xÉcologie.
7102 |aAlberta Oil Sands Environmental Research Program, |eissuing body.
7101 |aAlberta. |bAlberta Environment, |eissuing body.
7101 |aCanada. |bEnvironment Canada, |eissuing body.
830#0|aAOSERP report ;|v88.|w(CaOODSP)9.938755
85640|qPDF|s4325 KB|uhttps://publications.gc.ca/collections/collection_2025/eccc/en40/En40-248-88-eng.pdf